<The> Influence of the International Price of Oil on the Value of the EUR/USD Exchange Rate
Vplyv vývoja medzinárodnej ceny ropy na hodnotu eura voči hodnote USD. Aby sa dal primerane určiť vplyv ceny ropy na vývoj výmenného kurzu EUR/USD, je potrebné najprv identifikovať vzťah medzi ropou a eurom vo vzťahu k hodnote USD, a ak sa preukáže, že takýto vzťah existuje, potom sa môže zmerať aj...
Salvato in:
| Autore principale: | |
|---|---|
| Altri autori: | , , |
| Natura: | Capitolo di libro |
| Lingua: | inglese |
| Soggetti: | |
| Tags: |
Nessun Tag, puoi essere il primo ad aggiungerne!!
|
MARC
| LEADER | 00000naa a2200000 4500 | ||
|---|---|---|---|
| 001 | 0267156 | ||
| 005 | 20221104111636.0 | ||
| 041 | 0 | |a eng | |
| 044 | |a CZ | ||
| 245 | 1 | 0 | |a <The> Influence of the International Price of Oil on the Value of the EUR/USD Exchange Rate |c Marek Vochozka, Zuzana Rowland, Petr Suler, Josef Maroušek |
| 520 | |a Vplyv vývoja medzinárodnej ceny ropy na hodnotu eura voči hodnote USD. Aby sa dal primerane určiť vplyv ceny ropy na vývoj výmenného kurzu EUR/USD, je potrebné najprv identifikovať vzťah medzi ropou a eurom vo vzťahu k hodnote USD, a ak sa preukáže, že takýto vzťah existuje, potom sa môže zmerať aj jeho sila. Na analýzu sa použili údaje o výmennom kurze EUR/USD a regresná analýza pomocou umelých neurónových sietí. | ||
| 610 | 2 | 0 | |a ropa |
| 610 | 2 | 0 | |a vývoj cenový |
| 610 | 2 | 0 | |a kurz výmenný |
| 610 | 2 | 0 | |a euro |
| 610 | 2 | 0 | |a dolár |
| 610 | 2 | 0 | |a mena |
| 610 | 2 | 0 | |a trh svetový |
| 610 | 2 | 0 | |a siete neurónové |
| 610 | 2 | 0 | |a modely prognostické |
| 100 | 1 | |a Vochozka, Marek | |
| 700 | 1 | |a Rowland, Zuzana | |
| 700 | 1 | |a Suler, Petr | |
| 700 | 1 | |a Maroušek, Josef | |